[Event "Lichtenberger Sommer 2018"]
[Site "?"]
[Date "2018.08.22"]
[Round "5.99"]
[White "Schild, Reinhard"]
[Black "Eichstädt, Torsten"]
[Result "1/2-1/2"]
[WhiteElo "1601"]
[BlackElo "1361"]
[PlyCount "32"]
[EventDate "2018.??.??"]
[WhiteTeam "SG Weißensee 49"]
[BlackTeam "SC Friesen Lichtenberg"]

1. d4 d5 2. e3 c5 3. c3 Nf6 4. Bd3 c4 5. Bc2 g6 6. f4 Bg7 7. Nf3 Bg4 8. Nbd2
Nc6 9. O-O Qd7 10. Qe2 Rc8 11. e4 Nh5 12. g3 Nxd4 13. cxd4 Bxd4+ 14. Kh1 f5 15.
exd5 Qxd5 16. Re1 Rc7 1/2-1/2

[Event "Lichtenberger Sommer 2018"]
[Site "?"]
[Date "2018.08.22"]
[Round "5.100"]
[White "Schubert, Vincent"]
[Black "Koerber, Bernhard"]
[Result "1-0"]
[WhiteElo "1296"]
[BlackElo "1552"]
[PlyCount "89"]
[EventDate "2018.??.??"]
[WhiteTeam "Borussia Lichtenberg"]
[BlackTeam "Lasker Steglitz-Wilmersdorf"]

1. d4 Nf6 2. c4 g6 3. g3 c5 4. e3 Nc6 5. b3 cxd4 6. exd4 Bg7 7. Bb2 d5 8. c5
O-O 9. Ne2 Bg4 10. Nd2 Qd7 11. h3 Bf5 12. Nf3 Nb4 13. Ne5 Qb5 14. Nf4 Qa5 15.
Ke2 Nc2 16. Rc1 Qa6+ 17. Nfd3 Nb4 18. a3 Nxd3 19. Nxd3 Qe6+ 20. Ne5 Nd7 21. g4
Bxg4+ 22. hxg4 f6 23. Kd2 fxe5 24. Qe2 Rf4 25. f3 Raf8 26. Bg2 e4 27. b4 Qf7
28. Qf2 Rxg4 29. Bh3 Bh6+ 30. Kd1 Bxc1 31. Bxc1 Qxf3+ 32. Qxf3 Rxf3 33. Bxg4
Rd3+ 34. Ke2 Nf6 35. Be6+ Kg7 36. Bh6+ Kh8 37. Bf8 Rxa3 38. Bxe7 Kg7 39. Bxf6+
Kxf6 40. Bxd5 h5 41. Bxb7 Rb3 42. c6 Rxb4 43. c7 Rc4 44. c8=Q Rxc8 45. Bxc8 1-0

[Event "Lichtenberger Sommer 2018"]
[Site "?"]
[Date "2018.08.22"]
[Round "5.101"]
[White "Stark, Steven"]
[Black "Abraham, Helmut"]
[Result "0-1"]
[WhiteElo "1439"]
[BlackElo "1461"]
[PlyCount "108"]
[EventDate "2018.??.??"]
[WhiteTeam "BSC Rehberge"]
[BlackTeam "SC Kreuzberg"]

1. e4 c5 2. Nf3 e6 3. Be2 Nc6 4. c3 d5 5. d3 Nf6 6. Bg5 Be7 7. Bxf6 Bxf6 8. O-O
d4 9. c4 O-O 10. Nbd2 e5 11. Ne1 Bg5 12. Nb3 b6 13. a4 a5 14. Bg4 Ne7 15. Bxc8
Rxc8 16. Nc2 f5 17. f3 Rc6 18. Qe2 f4 19. Kh1 Rh6 20. Na3 Nc8 21. Nb5 Nd6 22.
Qc2 Bh4 23. Rad1 Bg3 24. h3 Rh4 25. Nc1 Rf6 26. Ne2 Rg6 27. Qd2 Qd7 28. Nxg3
Rxg3 29. Rf2 Nf7 30. Qe2 Ng5 31. Rd2 Nxh3 32. gxh3 Rgxh3+ 33. Rh2 Rxh2+ 34.
Qxh2 Rxh2+ 35. Rxh2 Qe8 36. Rf2 Qh5+ 37. Kg1 Qh3 38. Nc7 Qg3+ 39. Kf1 Qh3+ 40.
Kg1 Qd7 41. Nb5 g5 42. b3 Kg7 43. Na3 h5 44. Nc2 g4 45. Ne1 Kh6 46. Rg2 g3 47.
Kf1 h4 48. Rg1 h3 49. Ng2 Kg5 50. Rh1 Qh7 51. Ne1 Qh5 52. Ke2 Kf6 53. Rg1 h2
54. Rh1 Qh3 0-1

[Event "Lichtenberger Sommer 2018"]
[Site "?"]
[Date "2018.08.22"]
[Round "5.102"]
[White "Ruddat, Mathias"]
[Black "Tschirschwitz, Stephan"]
[Result "0-1"]
[WhiteElo "1399"]
[BlackElo "1530"]
[PlyCount "66"]
[EventDate "2018.??.??"]
[WhiteTeam "SV Rüdersdorf"]
[BlackTeam "Lasker Steglitz-Wilmersdorf"]

1. e4 c5 2. Nf3 Nc6 3. Bb5 e6 4. d4 cxd4 5. Nxd4 Qc7 6. Nc3 Nf6 7. O-O h6 8.
Be3 a6 9. Bxc6 dxc6 10. Qf3 c5 11. Nde2 e5 12. Nd5 Nxd5 13. exd5 Bd6 14. Ng3 f5
15. Nxf5 O-O 16. g4 Bxf5 17. gxf5 Qd7 18. Qg3 Rf6 19. Kh1 Raf8 20. Qg4 Qxf5 21.
Qxf5 Rxf5 22. Kg2 e4 23. c4 b6 24. a4 Bf4 25. Rae1 Be5 26. b3 Rh5 27. Rh1 Rf6
28. Reg1 Bf4 29. Bxf4 Rxf4 30. d6 Rhf5 31. Rd1 Rxf2+ 32. Kg1 e3 33. d7 Rg5# 0-1

[Event "Lichtenberger Sommer 2018"]
[Site "?"]
[Date "2018.08.22"]
[Round "5.103"]
[White "Paris, Gerhard"]
[Black "Lange, Christoph"]
[Result "0-1"]
[WhiteElo "1455"]
[BlackElo "1268"]
[PlyCount "94"]
[EventDate "2018.??.??"]
[WhiteTeam "TSG Oberschöneweide"]
[BlackTeam "TSG Oberschöneweide"]

1. e4 e5 2. Nc3 Nf6 3. g3 Bc5 4. Bg2 Nc6 5. Nf3 d6 6. O-O O-O 7. d3 Bg4 8. h3
Bxf3 9. Bxf3 Nd4 10. Bg2 h6 11. Ne2 Qd7 12. Nxd4 Bxd4 13. c3 Bb6 14. d4 Rad8
15. Kh2 Rfe8 16. d5 c6 17. Qf3 cxd5 18. exd5 Qe7 19. Qe2 Rc8 20. Be3 Bxe3 21.
fxe3 e4 22. c4 Rc7 23. b3 Rec8 24. Qc2 b5 25. Rad1 bxc4 26. b4 Qe5 27. Rf4 Nxd5
28. Rxe4 Nxe3 29. Rxe5 Nxc2 30. Rb5 Ne3 31. Rxd6 Nxg2 32. Kxg2 c3 33. Rd1 c2
34. Rc1 Rc3 35. a4 R8c4 36. Rb7 Rd3 37. Rxa7 Rd1 38. Rxc2 Rxc2+ 39. Kf3 Rd4 40.
b5 Rc3+ 41. Ke2 Rb4 42. Kd2 Rxg3 43. Kc2 Rf4 44. Kd2 Rf2+ 45. Ke1 Ra2 46. Kf1
Rxh3 47. Kg1 Rd3 0-1

[Event "Lichtenberger Sommer 2018"]
[Site "?"]
[Date "2018.08.22"]
[Round "5.104"]
[White "Langner, Hans-Rainer"]
[Black "Dittrich, Hans-Jürgen"]
[Result "1-0"]
[WhiteElo "1603"]
[BlackElo "1307"]
[PlyCount "61"]
[EventDate "2018.??.??"]
[WhiteTeam "TSV Mariendorf"]
[BlackTeam "SC Eintracht Berlin"]

1. d4 d5 2. e3 Nf6 3. Bd3 Bg4 4. Nf3 Nc6 5. c3 e6 6. Nbd2 Bd6 7. Qc2 Qe7 8. h3
Bh5 9. e4 dxe4 10. Nxe4 Bxf3 11. gxf3 Nxe4 12. fxe4 Qh4 13. Be3 Bf4 14. Qe2
Bxe3 15. Qxe3 a6 16. O-O-O g6 17. f4 O-O-O 18. Rdf1 Qh6 19. Qe2 f6 20. Kc2 b5
21. b4 Rhg8 22. Qf3 Rdf8 23. e5 Ne7 24. Qa8+ Kd7 25. Qxa6 c6 26. Qb7+ Ke8 27.
Be4 Rg7 28. Bxc6+ Nxc6 29. Qxc6+ Rd7 30. Qxe6+ Re7 31. Qc6+ 1-0

[Event "Lichtenberger Sommer 2018"]
[Site "?"]
[Date "2018.08.22"]
[Round "5.105"]
[White "Ruddat, Jarne"]
[Black "Motsch, Sebastian"]
[Result "1-0"]
[WhiteElo "1347"]
[BlackElo "1292"]
[PlyCount "51"]
[EventDate "2018.??.??"]
[WhiteTeam "SV Rüdersdorf"]
[BlackTeam "vereinslos"]

1. e4 c6 2. d4 d5 3. exd5 cxd5 4. Bd3 Nc6 5. Nf3 Bg4 6. c3 Nf6 7. Bf4 e6 8.
Nbd2 Be7 9. O-O O-O 10. Qc2 h6 11. Ne5 Bd6 12. h3 Nh5 13. Nxc6 bxc6 14. Bxd6
Qxd6 15. hxg4 Nf6 16. f3 Qg3 17. Nb3 h5 18. gxh5 Nxh5 19. Qf2 Qf4 20. Rfe1 Qh6
21. Qh4 g6 22. g4 Qf4 23. Qh3 Nf6 24. Kg2 Kg7 25. Qg3 Qg5 26. Re5 1-0

[Event "Lichtenberger Sommer 2018"]
[Site "?"]
[Date "2018.08.22"]
[Round "5.106"]
[White "Morczynski, Ryszard"]
[Black "Nguyen, Phuc Nhat"]
[Result "1-0"]
[WhiteElo "1284"]
[BlackElo "1255"]
[PlyCount "33"]
[EventDate "2018.??.??"]
[WhiteTeam "SK Zehlendorf"]
[BlackTeam "SC Zugzwang 95 (Berlin)"]

1. e4 e5 2. Nc3 Bc5 3. Bc4 Nf6 4. d3 h6 5. f4 d6 6. Nf3 Nc6 7. Na4 Bb6 8. Nxb6
axb6 9. f5 Ne7 10. O-O d5 11. Bb3 dxe4 12. Nxe5 Qd4+ 13. Kh1 Qxe5 14. Bf4 Qxb2
15. Bxc7 Nxf5 16. dxe4 Ne3 17. Qd8# 1-0

[Event "Lichtenberger Sommer 2018"]
[Site "?"]
[Date "2018.08.23"]
[Round "6.2"]
[White "Hacker, Jonas"]
[Black "Figura, Atila Gajo"]
[Result "1/2-1/2"]
[WhiteElo "2316"]
[BlackElo "2389"]
[PlyCount "101"]
[EventDate "2018.??.??"]
[WhiteTeam "SC Eppingen"]
[BlackTeam "SK Zehlendorf"]

1. e4 g6 2. d4 Bg7 3. Nc3 a6 4. f4 b5 5. Nf3 Bb7 6. Bd3 d6 7. e5 Nh6 8. O-O Nd7
9. Ne4 O-O 10. e6 fxe6 11. Nfg5 Bd5 12. Kh1 Nf6 13. Nc3 Qd7 14. Qe2 c5 15. Nxd5
exd5 16. c3 cxd4 17. cxd4 Nf5 18. Ne6 Rfe8 19. g4 Nxg4 20. Bxf5 gxf5 21. h3 h5
22. hxg4 hxg4 23. Re1 Kf7 24. Kg2 Bf6 25. Qc2 Kg6 26. Qc7 Ra7 27. Qxd7 Rxd7 28.
Bd2 Rc8 29. Rac1 Rxc1 30. Rxc1 Kf7 31. Re1 Ra7 32. Ba5 Ra8 33. a3 Rc8 34. Bc3
a5 35. Re2 a4 36. Ba5 Rc4 37. Bc3 Rc8 38. Kg3 Rc4 39. Re3 Rc8 40. Re2 Rc4 41.
Re3 Rc8 42. Kf2 Kg6 43. Kf1 Kh5 44. Ke2 Rc4 45. Kd1 Kg6 46. Ke2 Rc8 47. Kf1 Kf7
48. Kg2 Kg6 49. Re2 Kf7 50. Kf1 Rc4 51. Re3 1/2-1/2

[Event "Lichtenberger Sommer 2018"]
[Site "?"]
[Date "2018.08.23"]
[Round "6.3"]
[White "Berger, Steve"]
[Black "Amelang, Thomas"]
[Result "1-0"]
[WhiteElo "2428"]
[BlackElo "2177"]
[PlyCount "63"]
[EventDate "2018.??.??"]
[WhiteTeam "SK König Tegel"]
[BlackTeam "Münchener SC"]

1. e4 d6 2. d4 Nf6 3. Nc3 g6 4. Be3 Bg7 5. f3 c6 6. Qd2 Qa5 7. g4 h6 8. h4 Nbd7
9. Nge2 c5 10. h5 cxd4 11. Nxd4 Ne5 12. hxg6 fxg6 13. O-O-O g5 14. Kb1 a6 15.
Be2 Bd7 16. Nf5 Bxf5 17. gxf5 Rc8 18. Rdg1 Nc4 19. Bxc4 Rxc4 20. Qd3 b5 21. Bd2
Qb6 22. f4 Nd7 23. fxg5 Nc5 24. Qe2 Bd4 25. f6 exf6 26. Qh5+ Kd8 27. Nd5 Qb7
28. gxf6 Nxe4 29. Ba5+ Kc8 30. Nb6+ Kb8 31. f7 Nf6 32. Qxh6 1-0

[Event "Lichtenberger Sommer 2018"]
[Site "?"]
[Date "2018.08.23"]
[Round "6.4"]
[White "Gullaksen, Eirik"]
[Black "Niehaus, Frank"]
[Result "1/2-1/2"]
[WhiteElo "2357"]
[BlackElo "2191"]
[PlyCount "100"]
[EventDate "2018.??.??"]
[WhiteTeam "Bergens Schakklub"]
[BlackTeam "SK König Tegel"]

1. e4 e5 2. Nf3 Nc6 3. Nc3 Nf6 4. Be2 Bb4 5. Nd5 Bc5 6. d3 h6 7. c3 d6 8. b4
Bb6 9. a4 a6 10. Nxb6 cxb6 11. Bb2 O-O 12. O-O Re8 13. Re1 Bg4 14. h3 Bh5 15.
g4 Bg6 16. b5 Nb8 17. Nh4 Nbd7 18. c4 Nc5 19. Ng2 Ne6 20. Qd2 Qc7 21. Bf1 Ng5
22. Qe3 Nd7 23. h4 Ne6 24. f4 exf4 25. Nxf4 Nxf4 26. Qxf4 Nf8 27. Ba3 Rad8 28.
d4 Re6 29. Bd3 Qe7 30. h5 Bh7 31. Re3 Re8 32. Rae1 Qd8 33. Kg2 Rf6 34. Qg3 Rfe6
35. Bb2 Nd7 36. d5 Re5 37. bxa6 bxa6 38. Bxe5 Nxe5 39. Be2 f6 40. Bf3 Qc7 41.
Rc3 b5 42. axb5 axb5 43. Qf2 bxc4 44. Qd4 Qa5 45. Re2 Qa6 46. Kg3 Kh8 47. Bg2
Qc8 48. Bh3 Qa6 49. Bg2 Qc8 50. Bh3 Qa6 1/2-1/2

[Event "Lichtenberger Sommer 2018"]
[Site "?"]
[Date "2018.08.23"]
[Round "6.5"]
[White "Florstedt, Johannes"]
[Black "Hamann, Carsten"]
[Result "0-1"]
[WhiteElo "2306"]
[BlackElo "2141"]
[PlyCount "120"]
[EventDate "2018.??.??"]
[WhiteTeam "SF 1903 Berlin"]
[BlackTeam "Preetzer TSV"]

1. e4 d6 2. d4 Nf6 3. Nc3 g6 4. Nf3 Bg7 5. Be2 O-O 6. O-O Nc6 7. d5 Nb8 8. Re1
c6 9. Bg5 Qc7 10. Qd2 Re8 11. Rad1 Nbd7 12. Bf1 a6 13. a4 b6 14. dxc6 Qxc6 15.
Nd4 Qc5 16. Nb3 Qc7 17. Nd5 Nxd5 18. exd5 Ne5 19. Nd4 Bb7 20. Bh6 Bf6 21. Nf3
Nxf3+ 22. gxf3 Bxb2 23. c4 Bh8 24. Re3 Bc8 25. Bd3 e5 26. f4 Bd7 27. f5 e4 28.
Bxe4 Qxc4 29. Rde1 Rac8 30. Bf3 Qxa4 31. Rxe8+ Rxe8 32. Rxe8+ Bxe8 33. Qe3 Be5
34. Qxb6 Qh4 35. Qb8 Qxh2+ 36. Kf1 Qxh6 37. Qxe8+ Qf8 38. Qxf8+ Kxf8 39. fxg6
fxg6 40. Kg2 Ke7 41. Bd1 Kf6 42. Kf3 Bd4 43. Kg3 a5 44. f4 g5 45. Kg4 h5+ 46.
Kxh5 gxf4 47. Kg4 Ke5 48. Bb3 Be3 49. Kf3 Kd4 50. Ke2 Ke4 51. Bc2+ Kxd5 52. Kd3
Kc5 53. Ba4 Kb4 54. Bd7 a4 55. Be6 Kc5 56. Ke4 Kb4 57. Kd3 a3 58. Ba2 Bc1 59.
Kc2 f3 60. Kd3 f2 0-1

[Event "Lichtenberger Sommer 2018"]
[Site "?"]
[Date "2018.08.23"]
[Round "6.6"]
[White "Moser, Axel"]
[Black "Petersen, Soren Boeck"]
[Result "1/2-1/2"]
[WhiteElo "2144"]
[BlackElo "2212"]
[PlyCount "30"]
[EventDate "2018.??.??"]
[WhiteTeam "SC Kreuzberg"]
[BlackTeam "Damhus Skakklub"]

1. Nf3 d5 2. c4 e6 3. g3 Nf6 4. Bg2 Be7 5. O-O O-O 6. d4 b6 7. cxd5 exd5 8. Nc3
Bb7 9. Bf4 Nbd7 10. Nb5 Ne8 11. Rc1 c6 12. Nc3 Bd6 13. Bg5 Be7 14. Bf4 Bd6 15.
Bg5 Be7 1/2-1/2

[Event "Lichtenberger Sommer 2018"]
[Site "?"]
[Date "2018.08.23"]
[Round "6.7"]
[White "Krefenstein, Sergej"]
[Black "Polatel, Ali"]
[Result "0-1"]
[WhiteElo "2120"]
[BlackElo "2230"]
[PlyCount "176"]
[EventDate "2018.??.??"]
[WhiteTeam "TuS Makkabi Berlin"]
[BlackTeam "SC Zugzwang 95 (Berlin)"]

1. Nf3 d5 2. c4 c6 3. g3 Nf6 4. Bg2 g6 5. b3 Bg7 6. Bb2 O-O 7. O-O a5 8. d3 Bg4
9. Nbd2 Nbd7 10. h3 Bxf3 11. Nxf3 e6 12. Qc2 Qe7 13. Rac1 Rfd8 14. Rfd1 Ne8 15.
Bxg7 Kxg7 16. d4 Ndf6 17. c5 Nc7 18. Ne5 Nd7 19. Nxd7 Rxd7 20. Qc3 Rdd8 21. h4
Qf6 22. Qe3 Nb5 23. a4 Nc7 24. Qe5 Qxe5 25. dxe5 Na6 26. e3 Nb4 27. Rd4 f6 28.
exf6+ Kxf6 29. Rcd1 e5 30. R4d2 Na6 31. Rc1 Re8 32. Bf1 Nb4 33. Rcd1 e4 34. Kg2
h6 35. Be2 Re7 36. Rh1 Ke5 37. Rc1 Rf8 38. Bf1 g5 39. h5 Ref7 40. g4 Rb8 41.
Rc3 Na6 42. Rcc2 Nc7 43. Rc1 Ne6 44. Rb2 b6 45. cxb6 Rxb6 46. Rc3 Rfb7 47. Rbc2
Kd6 48. Be2 Nd8 49. Bd1 Rb4 50. Rc1 R4b6 51. R1c2 Rb4 52. Rc1 R7b6 53. Rc5 Nb7
54. R5c3 c5 55. Kf1 Ke5 56. Rxc5 Nxc5 57. Rxc5 Ra6 58. Be2 Kd6 59. Rc8 Rc6 60.
Rd8+ Kc5 61. Ra8 Rxb3 62. Rxa5+ Kd6 63. Ra8 Rb1+ 64. Kg2 Rb2 65. Bb5 Rcc2 66.
Rf8 Ke7 67. Rf5 Ke6 68. Be8 d4 69. exd4 Re2 70. Bb5 Re1 71. Re5+ Kd6 72. a5
Rbb1 73. f3 exf3+ 74. Kxf3 Rxe5 75. dxe5+ Kxe5 76. Be2 Rb3+ 77. Kf2 Kf4 78. a6
Rb2 79. Kf1 Ke3 80. Bc4 Rb4 81. Bd5 Rf4+ 82. Kg2 Rxg4+ 83. Kh3 Ra4 84. Bb7 Kf4
85. Bc8 Ra3+ 86. Kg2 g4 87. Bb7 Ra2+ 88. Kg1 Kg5 0-1

[Event "Lichtenberger Sommer 2018"]
[Site "?"]
[Date "2018.08.23"]
[Round "6.8"]
[White "McGowan, Daniel"]
[Black "Postler, Reinhard"]
[Result "1/2-1/2"]
[WhiteElo "2139"]
[BlackElo "2251"]
[PlyCount "48"]
[EventDate "2018.??.??"]
[WhiteTeam "SF 1903 Berlin"]
[BlackTeam "TSG Oberschöneweide"]

1. d4 d5 2. Nf3 Nf6 3. e3 c6 4. Bd3 g6 5. O-O Bg7 6. c4 O-O 7. Nc3 Bf5 8. Bxf5
gxf5 9. Qc2 e6 10. b3 Nbd7 11. Ba3 Re8 12. Rac1 Rc8 13. Bb2 Ne4 14. Nd2 Ndf6
15. Ndxe4 Nxe4 16. Ne2 Bh6 17. Ng3 Nf6 18. Qe2 Ng4 19. h3 Nf6 20. cxd5 cxd5 21.
Nh5 Nxh5 22. Qxh5 Qg5 23. Qxg5+ Bxg5 24. Rxc8 Rxc8 1/2-1/2

[Event "Lichtenberger Sommer 2018"]
[Site "?"]
[Date "2018.08.23"]
[Round "6.9"]
[White "Stark, Ingo"]
[Black "Kapp, Martin"]
[Result "1/2-1/2"]
[WhiteElo "2107"]
[BlackElo "2233"]
[PlyCount "128"]
[EventDate "2018.??.??"]
[WhiteTeam "TSG Oberschöneweide"]
[BlackTeam "SV Erzgebirge Stollberg"]

1. e4 e6 2. d4 d5 3. Nc3 Bb4 4. e5 b6 5. Qg4 Bf8 6. h4 Qd7 7. h5 h6 8. Bd3 Ne7
9. Be3 Nbc6 10. a3 Bb7 11. Nge2 O-O-O 12. O-O-O Kb8 13. Ng3 a6 14. f4 f5 15.
Qf3 Na5 16. Qe2 b5 17. Kb1 Nc4 18. Bc1 Qc6 19. Na2 Qb6 20. Qf2 b4 21. axb4 a5
22. bxa5 Qxa5 23. Ne2 Nc6 24. Qe1 Nb4 25. Nxb4 Bxb4 26. c3 Be7 27. b4 Qa6 28.
Bb2 Bc6 29. Nc1 Ba4 30. Bc2 Bxc2+ 31. Kxc2 Qa4+ 32. Kb1 Kb7 33. Qe2 Ra8 34.
Rhe1 Ra7 35. Qc2 Qa6 36. Qb3 Rha8 37. Re2 Bh4 38. Rd3 Qb5 39. Kc2 Ra3 40. Bxa3
Rxa3 41. Qb1 Qa4+ 42. Nb3 Kc8 43. g3 Be7 44. Rf3 Kd7 45. Rd3 Kc6 46. Rdd2 Nxd2
47. Rxd2 Kb6 48. Re2 Kb7 49. Rd2 Kc8 50. Re2 Qa6 51. Nc1 Qc4 52. Qb2 Ra4 53.
Qb3 Rxb4 54. Qxc4 Rxc4 55. Nd3 Ra4 56. Kb2 Kd7 57. Re1 c5 58. Ra1 Rxa1 59. Kxa1
cxd4 60. cxd4 Kc6 61. Kb2 Kb5 62. Kb3 Bf8 63. Nf2 Bb4 64. Nd3 Be7 1/2-1/2

[Event "Lichtenberger Sommer 2018"]
[Site "?"]
[Date "2018.08.23"]
[Round "6.10"]
[White "Nohr, Jonas"]
[Black "Kohler, Thomas"]
[Result "0-1"]
[WhiteElo "2100"]
[BlackElo "2161"]
[PlyCount "104"]
[EventDate "2018.??.??"]
[WhiteTeam "Königsjäger Süd-West"]
[BlackTeam "SC Zitadelle Spandau"]

1. d4 Nf6 2. c4 g6 3. Nc3 Bg7 4. e4 d6 5. Nge2 Nbd7 6. f3 O-O 7. Be3 c5 8. d5
Ne5 9. Ng3 e6 10. Be2 exd5 11. cxd5 h5 12. O-O a6 13. Qd2 b5 14. a3 c4 15. Bd4
Re8 16. Rae1 Ned7 17. Bd1 Rb8 18. f4 Qc7 19. e5 dxe5 20. fxe5 Nxe5 21. Qf4 Nfg4
22. Bxg4 Bxg4 23. d6 Qxd6 24. Bxe5 Bxe5 25. Qxf7+ Kh8 26. Nce4 Qe6 27. Qf2 Qb6
28. Nc5 Rbc8 29. Rxe5 Rxe5 30. Nge4 Rxe4 31. Nxe4 Qxf2+ 32. Rxf2 Kg7 33. Rd2
Rc6 34. h3 Bf5 35. Nc3 Kf7 36. Rd8 Ke7 37. Rd2 Rd6 38. Re2+ Kd7 39. Kf2 Kc6 40.
Kg3 a5 41. a4 b4 42. Nb5 Rd3+ 43. Kf4 Kc5 44. g4 hxg4 45. hxg4 Bd7 46. Kg5 Bxb5
47. axb5 c3 48. bxc3 bxc3 49. Kxg6 Rd2 50. Re5+ Rd5 51. Re3 Kd4 52. Re1 c2 0-1

[Event "Lichtenberger Sommer 2018"]
[Site "?"]
[Date "2018.08.23"]
[Round "6.11"]
[White "Sieglen, Joachim"]
[Black "Albrecht, Rainer"]
[Result "1/2-1/2"]
[WhiteElo "2196"]
[BlackElo "2083"]
[PlyCount "33"]
[EventDate "2018.??.??"]
[WhiteTeam "SC Untergrombach"]
[BlackTeam "SC Kreuzberg"]

1. d4 Nf6 2. c4 d6 3. Nf3 Nbd7 4. Nc3 c6 5. e4 e5 6. Be2 Be7 7. O-O O-O 8. Re1
a6 9. Rb1 Re8 10. b4 Qc7 11. Bb2 b5 12. a4 exd4 13. Nxd4 c5 14. bxc5 b4 15. Nd5
Nxd5 16. exd5 Nxc5 17. Nc6 1/2-1/2

[Event "Lichtenberger Sommer 2018"]
[Site "?"]
[Date "2018.08.23"]
[Round "6.12"]
[White "Hesse, Henrik"]
[Black "Simon, Ralf-Axel"]
[Result "1/2-1/2"]
[WhiteElo "2137"]
[BlackElo "2149"]
[PlyCount "61"]
[EventDate "2018.??.??"]
[WhiteTeam "SV Mattnetz Berlin"]
[BlackTeam "SK Ricklingen"]

1. c4 e6 2. g3 d5 3. Bg2 d4 4. d3 c5 5. Nf3 Nc6 6. b3 e5 7. Bb2 Bg4 8. h3 Be6
9. a3 Qd7 10. Ng5 Bf5 11. Ne4 Be7 12. Nbd2 Be6 13. b4 cxb4 14. axb4 f5 15. Nc5
Bxc5 16. bxc5 Nge7 17. O-O O-O 18. Qb3 Rfd8 19. Rfb1 Rab8 20. Bc1 h6 21. Qb5
Qe8 22. Nb3 a6 23. Qb6 Rd7 24. Na5 Nc8 25. Qb3 Nxa5 26. Rxa5 Rc7 27. Rxa6 Bd7
28. Ra5 Bc6 29. Bxc6 Qxc6 30. Qb6 Ne7 31. Bd2 1/2-1/2

[Event "Lichtenberger Sommer 2018"]
[Site "?"]
[Date "2018.08.23"]
[Round "6.13"]
[White "Verbitsky, Jaroslaw"]
[Black "Wierzbicki, Jirawat"]
[Result "1/2-1/2"]
[WhiteElo "1845"]
[BlackElo "2187"]
[PlyCount "94"]
[EventDate "2018.??.??"]
[WhiteTeam "SV Mattnetz Berlin"]
[BlackTeam "SK König Tegel"]

1. d4 d5 2. Nf3 Nf6 3. c4 dxc4 4. e3 Bg4 5. Bxc4 e6 6. O-O a6 7. b3 Nc6 8. Ba3
Bxa3 9. Nxa3 Qe7 10. Nc2 Rd8 11. h3 Bh5 12. Be2 Ne4 13. Qe1 O-O 14. Nd2 Bg6 15.
Nxe4 Bxe4 16. Qc1 e5 17. dxe5 Nxe5 18. Ne1 Rd6 19. Qc5 Qf6 20. Rd1 Rxd1 21.
Bxd1 Rd8 22. Bc2 Bc6 23. f4 Ng6 24. Nf3 b6 25. Qg5 Qxg5 26. Nxg5 Re8 27. Re1
Nxf4 28. Bxh7+ Kh8 29. Be4 Nxh3+ 30. Nxh3 Bxe4 31. Rc1 c5 32. Rd1 Bf5 33. Ng5
Kg8 34. Rd6 f6 35. Nf3 Rxe3 36. Rxb6 Re6 37. Rb8+ Kh7 38. Rc8 Re1+ 39. Nxe1
Bxc8 40. Nd3 c4 41. bxc4 Be6 42. Nb2 Kg6 43. Kf2 Kg5 44. g3 Kf5 45. Ke3 g5 46.
a3 Bd7 47. Nd3 a5 1/2-1/2

[Event "Lichtenberger Sommer 2018"]
[Site "?"]
[Date "2018.08.23"]
[Round "6.14"]
[White "Teh, Eu Wen Aron"]
[Black "Dathe, Frederick"]
[Result "1-0"]
[WhiteElo "2286"]
[BlackElo "2007"]
[PlyCount "91"]
[EventDate "2018.??.??"]
[WhiteTeam "Imperial College Chess Club"]
[BlackTeam "SC Kreuzberg"]

1. c4 g6 2. Nc3 Bg7 3. d4 Nf6 4. e4 d6 5. Be2 O-O 6. Bg5 Na6 7. Qd2 e5 8. d5
Qe8 9. Bd1 Nc5 10. Bc2 a5 11. Nge2 Bd7 12. O-O Nh5 13. f3 f5 14. exf5 gxf5 15.
Be3 b6 16. Kh1 f4 17. Bf2 Bf5 18. Bxf5 Rxf5 19. Bxc5 bxc5 20. Ne4 Qe7 21. N2c3
Bh6 22. Rad1 Kh8 23. Qc2 Rff8 24. Rd3 Ng7 25. Nd1 Nf5 26. Ra3 Nd4 27. Qd2 a4
28. Ndc3 Qd7 29. Rb1 Bg7 30. Qd1 Nf5 31. Rxa4 Ne3 32. Rxa8 Nxd1 33. Rxf8+ Bxf8
34. Rxd1 Be7 35. a4 Qc8 36. a5 Qa6 37. Ra1 Bd8 38. Nb5 Kg7 39. Nf2 Kf7 40. Nd3
Ke7 41. b4 c6 42. dxc6 Qxc6 43. a6 cxb4 44. a7 Qa8 45. Nxb4 Kd7 46. Ra6 1-0

[Event "Lichtenberger Sommer 2018"]
[Site "?"]
[Date "2018.08.23"]
[Round "6.15"]
[White "Boetzer, Detlef"]
[Black "Kutschke, Jens"]
[Result "1-0"]
[WhiteElo "2218"]
[BlackElo "1984"]
[PlyCount "71"]
[EventDate "2018.??.??"]
[WhiteTeam "SC Rotation Pankow"]
[BlackTeam "SF 1903 Berlin"]

1. e4 c5 2. Nf3 d6 3. d4 cxd4 4. Nxd4 Nf6 5. f3 e5 6. Nb3 Be7 7. c4 O-O 8. Be3
Be6 9. Nc3 a6 10. Be2 Nbd7 11. a4 Rc8 12. Nd5 Bxd5 13. cxd5 Nc5 14. Nxc5 dxc5
15. Bc4 Bd6 16. O-O Nd7 17. a5 f5 18. exf5 Rxf5 19. Ra4 Rh5 20. Be2 Rh4 21. g3
Rxa4 22. Qxa4 Nf6 23. Rd1 Rb8 24. Rd2 Kh8 25. Kg2 Nd7 26. Bd3 Bc7 27. Bf5 Nf6
28. Bxc5 Bxa5 29. b4 Bb6 30. d6 g6 31. Bh3 Kg7 32. Qa1 Bxc5 33. bxc5 Qe8 34.
Re2 Qb5 35. Rxe5 Re8 36. d7 1-0

[Event "Lichtenberger Sommer 2018"]
[Site "?"]
[Date "2018.08.23"]
[Round "6.16"]
[White "Schliebener, Stephan"]
[Black "Kunz, Andre"]
[Result "1/2-1/2"]
[WhiteElo "2131"]
[BlackElo "2159"]
[PlyCount "30"]
[EventDate "2018.??.??"]
[WhiteTeam "BSV 63 Chemie Weißensee"]
[BlackTeam "BSV 63 Chemie Weißensee"]

1. c4 c5 2. Nc3 Nf6 3. Nf3 Nc6 4. g3 g6 5. Bg2 Bg7 6. O-O O-O 7. d3 d6 8. a3 a6
9. Rb1 Rb8 10. b4 cxb4 11. axb4 b5 12. cxb5 axb5 13. Bd2 Bd7 14. Qb3 Qb6 15.
Ra1 Ra8 1/2-1/2

[Event "Lichtenberger Sommer 2018"]
[Site "?"]
[Date "2018.08.23"]
[Round "6.17"]
[White "Möller, Dustin"]
[Black "Poseck, Steffen"]
[Result "1-0"]
[WhiteElo "2149"]
[BlackElo "2052"]
[PlyCount "57"]
[EventDate "2018.??.??"]
[WhiteTeam "Eckernförder SC"]
[BlackTeam "BSV 63 Chemie Weißensee"]

1. d4 Nf6 2. c4 g6 3. Nc3 d5 4. cxd5 Nxd5 5. Bd2 Bg7 6. e4 Nb6 7. Be3 O-O 8. f4
Nc6 9. d5 Nb8 10. Bd4 e6 11. Bxg7 Kxg7 12. Qd4+ f6 13. O-O-O Qe7 14. Nf3 Rd8
15. Qf2 exd5 16. exd5 c6 17. d6 Rxd6 18. Bd3 Na6 19. Rhe1 Qf7 20. f5 Rxd3 21.
Rxd3 Bxf5 22. Rde3 Nd5 23. Nxd5 Qxd5 24. Qh4 g5 25. Nxg5 Rd8 26. Ne6+ Bxe6 27.
Rg3+ Kf7 28. Qxh7+ Kf8 29. Rg8+ 1-0

[Event "Lichtenberger Sommer 2018"]
[Site "?"]
[Date "2018.08.23"]
[Round "6.18"]
[White "Syre, Christian"]
[Black "Krieger, Fabian"]
[Result "1-0"]
[WhiteElo "2184"]
[BlackElo "1936"]
[PlyCount "35"]
[EventDate "2018.??.??"]
[WhiteTeam "TSG Oberschöneweide"]
[BlackTeam "SV Mattnetz Berlin"]

1. d4 Nf6 2. Nf3 g6 3. e3 Bg7 4. b3 c5 5. Bb2 O-O 6. dxc5 Qa5+ 7. c3 Qxc5 8.
Ba3 Qd5 9. Bxe7 Qxd1+ 10. Kxd1 Ne4 11. Bxf8 Kxf8 12. Ke2 b6 13. Nd4 Nc6 14. f3
Nc5 15. Kd2 Bb7 16. Na3 Re8 17. Re1 f5 18. Nab5 1-0

[Event "Lichtenberger Sommer 2018"]
[Site "?"]
[Date "2018.08.23"]
[Round "6.19"]
[White "Böttcher, Patrick"]
[Black "Albert, Jörg"]
[Result "1/2-1/2"]
[WhiteElo "2100"]
[BlackElo "2141"]
[PlyCount "65"]
[EventDate "2018.??.??"]
[WhiteTeam "SC Zitadelle Spandau"]
[BlackTeam "SV Eiche Reichenbrand"]

1. e4 c6 2. d4 d5 3. Nc3 g6 4. Nf3 Bg7 5. h3 Nh6 6. Be2 O-O 7. O-O f6 8. Bf4
Nf7 9. Bh2 e6 10. Re1 Nd7 11. Bd3 f5 12. exd5 exd5 13. Ne2 Nf6 14. Ne5 Ne4 15.
Nxf7 Rxf7 16. c3 Qh4 17. Bg3 Qh6 18. Qc1 g5 19. h4 Nxg3 20. fxg3 gxh4 21. Qxh6
Bxh6 22. gxh4 Be3+ 23. Kh2 f4 24. Rf1 Bg4 25. Ng1 Bxg1+ 26. Rxg1 Re8 27. Rae1
Rxe1 28. Rxe1 f3 29. Re8+ Kg7 30. Re5 h6 31. Kg3 fxg2 32. Kxg2 Bd7 33. Kg3
1/2-1/2